| 000 | 00769nam a22001937a 4500 | ||
|---|---|---|---|
| 003 | BD-DhUL | ||
| 005 | 20160904170816.0 | ||
| 008 | 160904s1999 b | ||| |||| 000 0 ben d | ||
| 020 | _a9844101220 | ||
| 040 |
_aBD-DhUL _cBD-DhUL |
||
| 082 |
_a954.145 _bMAU |
||
| 100 | 1 | _aমামুন, মুনতাসীর | |
| 245 | 1 | 0 |
_a১৯০৫ সালের বঙ্গভঙ্গ ও পূর্ববঙ্গে প্রতিক্রিয়া / _c মুনতাসীর মামুন |
| 260 |
_aঢাকা: _bমাওলা ব্রাদার্স, _c১৯৯৯. |
||
| 300 |
_a২৮০ পৃ. ; _c ২২ সেমি |
||
| 650 | 0 | _a বাংলাদেশ - ইতিহাস | |
| 650 | 0 | _aBangladesh - History | |
| 942 |
_2ddc _cBK |
||
| 999 |
_c104014 _d104014 |
||